000 01006nam a22003137a 4500
003 CHAP
005 20220329134223.0
008 971013s r 00010 d
010 _a17167
011 _a18139
035 _a22223
040 _cCHAP
090 _aFolleto 6871
100 0 0 _aJiménez Mier y Terán, Fernando.
_961596
245 _aCoyuntura en que surge la ley orgánica de la UNAM
260 _aMéxico, D.F., :
_bUNAM. Centro de Estudios sobre la Universidad,
_c(s.a.)
300 _a24 p
490 _aDeslinde
_v; 131
590 _aBATCH-UPD
_b10
_c20130110
_lUCH01
_h2025
590 _aBATCH-UPD
_b10
_c20130410
_lUCH01
_h1342
590 _aBATCH-UPD
_b10
_c20130914
_lUCH01
_h2058
590 _aCONVERSION
_b10
_c20130109
_lUCH01
_h1311
650 1 4 _aUniversidades
_xLeyes.
_9116653
830 0 _aDeslinde
_v; 131
_932155
901 _aBK
942 _cFOLL
949 _aFolleto 6871
_bBC
_cFOLL
_d-52035
_eTS1
_i22223
_mD
_si
949 _aFolleto 6871
_bBC
_cFOLL
_d-52036
_eTS2
_fc.2
_i22223
_si
999 _c17167
_d17167